| 000 | 00502nam a22001817a 4500 | ||
|---|---|---|---|
| 003 | dpl | ||
| 005 | 20180705143100.0 | ||
| 008 | 180705b xxu||||| |||| 00| 0 eng d | ||
| 020 | _c0.00 | ||
| 035 | _aB-158975 | ||
| 040 |
_aDPL _bEN _c0 |
||
| 082 | _a485 | ||
| 100 | _aSinha, B.B. | ||
| 245 |
_aMastering effective english/ _bWhat is the right word? _cB.B. Sinha |
||
| 260 |
_aNew Delhi _bAPH Publishing Corporation _c2005 |
||
| 300 |
_a347p, _c22cm. |
||
| 942 |
_2ddc _cEN _h485 _mSIN |
||
| 999 |
_c153438 _d153438 |
||